Philosophie und Theologie / 2 Mittelalter / Gillian R. Evans. [Übers. aus d. Engl. von Mara Huber. Hrsg von Adolf Martin Ritter]
| Contributors: | ; |
|---|---|
| Format: | Print Book |
| Language: | German |
| Subito Delivery Service: | Order now. |
| Check availability: | HBZ Gateway |
| WorldCat: | WorldCat |
| Interlibrary Loan: | Interlibrary Loan for the Fachinformationsdienste (Specialized Information Services in Germany) |
| Published: |
Stuttgart
Kohlhammer
1994
|
| In: |
Philosophie und Theologie
Year: 1994 |
| Series/Journal: | Theologische Wissenschaft
14,5 |
| RelBib Classification: | KAC Church history 500-1500; Middle Ages NBC Doctrine of God NBK Soteriology TE Middle Ages |
| Further subjects: | B
Proof of God's existence
B Middle Ages B Redemption B God B Cosmos Word |
MARC
| LEADER | 00000cam a2200000 cc4500 | ||
|---|---|---|---|
| 001 | 1111530769 | ||
| 003 | DE-627 | ||
| 005 | 20240903204423.0 | ||
| 007 | tu | ||
| 008 | 941018s1994 xx ||||| 00| ||ger c | ||
| 016 | 7 | |a 941774171 |2 DE-101 | |
| 020 | |a 3170114107 |9 3-17-011410-7 | ||
| 035 | |a (DE-627)1111530769 | ||
| 035 | |a (DE-576)041530764 | ||
| 035 | |a (DE-599)DNB941774171 | ||
| 035 | |a (OCoLC)611786582 | ||
| 035 | |a (OCoLC)311921706 | ||
| 035 | |a (OCoLC)165111652 | ||
| 040 | |a DE-627 |b ger |c DE-627 |e rakwb | ||
| 041 | |a ger | ||
| 084 | |a 1 |2 ssgn | ||
| 084 | |a BN 2000 |2 rvk |0 (DE-625)rvk/13068: | ||
| 245 | 0 | 0 | |a Philosophie und Theologie |n 2 |p Mittelalter / Gillian R. Evans. [Übers. aus d. Engl. von Mara Huber. Hrsg von Adolf Martin Ritter] |c Christopher Stead |
| 246 | 3 | 0 | |a Mittelalter |
| 264 | 1 | |a Stuttgart |b Kohlhammer |c 1994 | |
| 300 | |a 126 S. | ||
| 336 | |a Text |b txt |2 rdacontent | ||
| 337 | |a ohne Hilfsmittel zu benutzen |b n |2 rdamedia | ||
| 338 | |a Band |b nc |2 rdacarrier | ||
| 490 | 1 | |a Theologische Wissenschaft / hrsg. von Carl Andresen ... |v 14,5 | |
| 500 | |a Literaturverz. S. 121 - 122. - Einheitssacht.: Philosophy and theology in the Middle Ages | ||
| 583 | 1 | |a Archivierung/Langzeitarchivierung gewährleistet |f PEBW |x XA-DE-BW |2 pdager |5 DE-24 | |
| 583 | 1 | |a Archivierung/Langzeitarchivierung gewährleistet |f SSG |x XA-DE-BW |2 pdager |5 DE-21 | |
| 601 | |a Philosophie | ||
| 601 | |a Theologie | ||
| 601 | |a Mittelalter | ||
| 601 | |a Evans, Gillian | ||
| 601 | |a Ritter, Adolf Martin | ||
| 650 | 0 | 7 | |0 (DE-588)4129108-6 |0 (DE-627)104535474 |0 (DE-576)209607793 |a Mittelalter |2 gnd |
| 650 | 0 | 7 | |0 (DE-588)4021668-8 |0 (DE-627)10440972X |0 (DE-576)208939288 |a Gottesbeweis |2 gnd |
| 650 | 0 | 7 | |0 (DE-588)4123306-2 |0 (DE-627)105756121 |0 (DE-576)209558628 |a Gotteslehre |2 gnd |
| 650 | 0 | 7 | |0 (DE-588)1148981748 |0 (DE-627)1009241028 |0 (DE-576)496495062 |a Kosmos |g Wort |2 gnd |
| 650 | 0 | 7 | |0 (DE-588)4015317-4 |0 (DE-627)106337149 |0 (DE-576)20891126X |a Erlösung |2 gnd |
| 652 | |a KAC:NBC:NBK:TE | ||
| 700 | 1 | |0 (DE-588)11428380X |0 (DE-627)617674043 |0 (DE-576)160891841 |4 oth |a Evans, Gillian |d 1944- | |
| 700 | 1 | |e Hrsg. |0 (DE-588)119129914 |0 (DE-627)079924654 |0 (DE-576)162740387 |4 edt |a Ritter, Adolf Martin |d 1933-2025 | |
| 773 | 1 | 8 | |a Philosophie und Theologie |w (DE-627)1082425702 |w (DE-576)012425702 |g 2 |q 2 |7 nnam |
| 830 | 0 | |a Theologische Wissenschaft |v 14,5 |9 14,5 |w (DE-627)1074497031 |w (DE-576)004497031 |7 am | |
| 889 | |w (DE-576)520073355 | ||
| 889 | |w (DE-627)1590073355 | ||
| 935 | |a mteo | ||
| 935 | |h SWB |i 4165 | ||
| 936 | r | v | |a BN 2000 |b Allgemeines zur Dogmengeschichte und theologischen Schulbildung (Gesamtdarstellungen BN 1651-1655) |k Theologie und Religionswissenschaften |k Dogmatik und Dogmengeschichte |k Dogmengeschichtliche Darstellungen |k Allgemeines zur Dogmengeschichte und theologischen Schulbildung (Gesamtdarstellungen BN 1651-1655) |0 (DE-627)1270735217 |0 (DE-625)rvk/13068: |0 (DE-576)200735217 |
| 951 | |a MV | ||
| ELC | |b 1 | ||
| ITA | |a 1 |t 1 | ||
| LOK | |0 000 xxxxxcx a22 zn 4500 | ||
| LOK | |0 001 2240743832 | ||
| LOK | |0 003 DE-627 | ||
| LOK | |0 004 1111530769 | ||
| LOK | |0 005 20091225025359 | ||
| LOK | |0 008 941018||||||||||||||||ger||||||| | ||
| LOK | |0 040 |a DE-21 |c DE-627 |d DE-21 | ||
| LOK | |0 541 |e 94/1407 | ||
| LOK | |0 852 |a DE-21 | ||
| LOK | |0 852 1 |c theol C 101-2 |9 00 | ||
| LOK | |0 852 2 |b Lehrbuchsammlung |9 00 | ||
| LOK | |0 866 |x 5 Ex. | ||
| LOK | |0 935 |a lbs1 |a theo | ||
| LOK | |0 939 |a 18-10-94 |b l01 | ||
| LOK | |0 000 xxxxxcx a22 zn 4500 | ||
| LOK | |0 001 2240743859 | ||
| LOK | |0 003 DE-627 | ||
| LOK | |0 004 1111530769 | ||
| LOK | |0 005 20100408162133 | ||
| LOK | |0 008 941114||||||||||||||||ger||||||| | ||
| LOK | |0 040 |a DE-21-35 |c DE-627 |d DE-21-35 | ||
| LOK | |0 541 |e 94/938 | ||
| LOK | |0 852 |a DE-21-35 | ||
| LOK | |0 852 1 |c Vs 5.10A-2 |m p |9 00 | ||
| LOK | |0 938 |k p | ||
| LOK | |0 939 |a 14-11-94 |b l01 | ||
| LOK | |0 000 xxxxxcx a22 zn 4500 | ||
| LOK | |0 001 3060386374 | ||
| LOK | |0 003 DE-627 | ||
| LOK | |0 004 1111530769 | ||
| LOK | |0 005 20240903204423 | ||
| LOK | |0 008 190311||||||||||||||||ger||||||| | ||
| LOK | |0 035 |a (DE-Tue135-1)58880 | ||
| LOK | |0 040 |a DE-Tue135-1 |c DE-627 |d DE-Tue135-1 | ||
| LOK | |0 852 |a DE-Tue135-1 | ||
| LOK | |0 852 1 |c FTH010025 |m p |9 00 | ||
| LOK | |0 852 2 |b F5 |9 00 | ||
| LOK | |0 935 |a iALT | ||
| LOK | |0 936ln |0 1442053607 |a TE | ||
| LOK | |0 936ln |0 1442044330 |a KAC | ||
| LOK | |0 936ln |0 1442051507 |a NBC | ||
| LOK | |0 936ln |0 1442052325 |a NBK | ||
| LOK | |0 938 |k p | ||
| LOK | |0 938 |l Philosophie; Theologie; Geschichte 500-1500 |8 0 | ||
| LOK | |0 938 |l Dogmatik |8 0 | ||
| LOK | |0 939 |a 11-03-19 |b l12 | ||
| ORI | |a SA-MARC-ixtheoa001.raw | ||
| REL | |a 1 | ||
| STA | 0 | 0 | |a God,God,Middle Ages,Middle Ages,Middle Ages in art,Proof of God's existence,God,Existence of God,God's existence,Redemption,Redemption,Salvation |
| STB | 0 | 0 | |a Doctrine de Dieu,Moyen Âge,Moyen Âge,Preuve de l’existence de Dieu,Rédemption,Rédemption |
| STC | 0 | 0 | |a Doctrina de Dios,Edad Media,Edad Media,Prueba de la existencia de Dios,Redención,Redención |
| STD | 0 | 0 | |a Dottrina su Dio,Medioevo,Medioevo,Prova dell'esistenza di Dio,Redenzione,Redenzione |
| STE | 0 | 0 | |a 中世纪,中世纪,救赎,救赎,解放,拯救,解放,拯救,神存在的论证,上帝存在的论证,神论,神的教义,上帝论 |
| STF | 0 | 0 | |a 中世紀,中世紀,救贖,救贖,解放,拯救,解放,拯救,神存在的論証,上帝存在的論証,神論,神的教義,上帝論 |
| STG | 0 | 0 | |a Doutrina sobre Deus,Idade Média,Idade Média,Prova da existência de Deus,Redenção,Redenção |
| STH | 0 | 0 | |a Доказательство существования Бога,Спасение (мотив),Спасение,Средневековье (мотив),Средневековье,Учение о Боге |
| STI | 0 | 0 | |a Απόδειξη της ύπαρξης του Θεού,Δόγμα του Θεού,Λύτρωση <μοτίβο>,Λύτρωση,Σωτηρία,Σωτηρία (μοτίβο),Μεσαίωνας (μοτίβο),Μεσαίωνας |
| SUB | |a REL | ||
| SYE | 0 | 0 | |a Europa , Gott , Gottesverständnis , Universum |



